| 000 | 01314nam a2200325 c 4500 | ||
|---|---|---|---|
| 003 | BLK | ||
| 005 | 20180420232112.0 | ||
| 008 | 180409b bul|||||r ||||||| ||bul|| | ||
| 010 | _aKNG00133479000 | ||
| 040 | _aBLK | ||
| 041 |
_aBUL _cBUL |
||
| 080 |
_aВелосипеден спорт. Ролков спорт _b796.6 _x(075.8) _z796.6(075.8) |
||
| 100 | 1 |
_aБичев, Александър _eпърви автор _9320866 |
|
| 700 | 1 |
_aТужаров, Светослав _eсъавт. _9320871 |
|
| 139 |
_aБичев, Александър и др. _bБ 46 |
||
| 245 | 1 | 0 |
_aКолоездене _bУчебник за ВИФ Г. Димитров _cАлександър Бичев; съавт. Светослав Тужаров. |
| 257 | _aBGR | ||
| 260 |
_аСофия _bМедицина и физкултура _c1958 |
||
| 300 |
_a185 с. _bс ил. _c21 см |
||
| 380 | _a79 | ||
| 500 | _a537 тир. - Библиогр. с. 182. | ||
| 650 | 4 |
_aКолоездене - учебници ВУЗ _9320872 |
|
| 653 | _aколоездене | ||
| 653 | _aучебници за ВУЗ | ||
| 852 | _aЦб 10887 | ||
| 856 | 4 |
_qpdf _u |
|
| 856 | 4 |
_qpdf _u |
|
| 942 |
_cKNG _n0 |
||
| 944 |
_aCR _c31.08.2012 _l31.08.2012 - от С1,Р / 31.08.2012 _kНаталия_Медовщикова |
||
| 944 |
_aED _c31.08.2012 _l31.08.2012 - от С1,Р / 31.08.2012 _k |
||
| 999 |
_c127774 _d127774 |
||